000 01040cam a2200289Mi 4500
005 20150527113440.0
008 150520s2007 xxuad frb 001 0 eng d
020 _a9780387496849
020 _a038749684X
035 _a(OCoLC)314149469
040 _aCO-BoUCM
_bspa
_cJose A. Gerena
_dJose A. Gerena
041 _aeng
060 4 _aQH 438.4
100 1 _aSiegmund, David
_968982
245 1 4 _aThe statistics of gene mapping
_cDavid Siegmund, Benjamin Yakir.
260 _aNueva York (Estados Unidos)
_bSpringer
_c2007
300 _axvii, 331 páginas
_bilustraciones, cuadros, gráficas
490 0 _aStatistics for biology and health
504 _aIncluye referencias bibliográficas e índices
650 7 _aGenética
_916308
650 7 _aEstadística
_xAspectos genéticos
_914984
650 7 _aMétodos matemáticos
_xAspectos genéticos
_919461
650 7 _aInvestigación genética
_917993
690 _942825
_aGenética
700 1 _aYakir, Benjamin
_968983
942 _2NLM
_a15
_cLIBRO
_e1
_hQH 438.4
_mS571
999 _c299594
_d299594